000 01788nam0a2200361 i 4500
001 RU\NLR\bibl\1890335
005 20260407073159.0
010 _a9785977602327
_9500
021 _aRU
_b2012-21138
_91594
035 _a(NLR Aleph) 001880032
090 _a2778109
_c2778109
100 _a20120409d2012 u y0rusy50 ca
101 0 _arus
102 _aRU
105 _aa |||||||||
200 1 _aАзиатские энергетические сценарии 2030
_f[д.экон.н. С.В. Жуков, О.Б. Резникова, М.В. Синицын и др.]
_gпод ред. д.э.н. С.В. Жукова
_gИн-т мировой экономики и междунар. отношений РАН
210 _aМосква
_cМагистр
_d2012
215 _a334, [2] с.
_cил.
_d22
300 _aАвт. указаны на обороте тит. л.
320 _aБиблиогр.: с. 333-335
606 1 _aЭнергетическая политика
_yАзиатские страны
_92108238
_3RU\NLR\auth\661577928
606 1 _aЭнергетические ресурсы
_yАзия
_92012866
_3RU\NLR\auth\661210740
686 _aУ9(5)-554
701 1 _4070
_8rus
_7ca
_aЖуков
_bС. В.
_cд-р экон. наук
_gСтанислав Вячеславович
_3RU\NLR\auth\7775255
_958183
701 1 _aРезникова
_bО. Б.
_gОксана Бениаминовна
_4070
701 1 _aСиницын
_bМ.В.
_4070
712 0 2 _4570
_aИнститут мировой экономики и международных отношений
_cМосква
_3RU\NLR\AUTH\883073
_9277290
801 0 _aRU
_bNLR
_c20120409
_gRCR
801 1 _aRU
_bNLR
_c20120409
942 _cBOOK
980 _aNBR